000 00318nam a22001337a 4500
008 181009b xxu||||| |||| 00| 0 eng d
020 _a9781418051709
041 _aeng
080 _a617
100 _a6
101 _aKIR
245 _aSurgical Technology for the Surgical Technologists
_cGrafft, D
942 _2udc
_cBK
999 _c49114
_d49114